Statistics for Biggest cities without an "A"

Click here to take the quiz!

General Stats

  • This quiz has been taken 86 times
    (62 since last reset)
  • The average score is 14 of 17

Answer Stats

CountryPopulationCity% Correct
South Korea24.7 MSeoul
100%
Japan40.2 MTokyo
100%
United Kingdom14.7 MLondon
98%
Mexico22.8 MMexico City
98%
United States22.4 MNew York City
98%
India29.4 MDelhi
96%
China20.4 MBeijing
91%
Vietnam8.6 MHo Chi Minh City
91%
Canada7.4 MToronto
88%
United States7.7 MBoston
86%
United States6.6 MHouston
84%
China7.5 MHong Kong
77%
United States5.7 MDetroit
66%
China9.8 MChengdu
61%
China8.1 MChongqing
55%
India6.7 MPune
52%
China5.4 MZhengzhou
23%

Score Distribution

Percentile by Number Answered

Percent of People with Each Score

Your Score History

You have not taken this quiz since the last reset